000
00210 a2200097 4500
001
48176
100
_a
Vahid, S.A
245
_a
Glimpses of Iqbal
260
_a
Karachi
_b
Iqbal academy
_c
090
_c
31144
_d
31144
942
_a
NUST-CAE
_c
M
_c
23497
999
_c
283249
_d
283249